Vzácnosti farskej knižnice vo Vrbove

Bibliographic Details
Main Author: Komorová, Klára, 1949- (Author)
Format: Article
Language:Slovak
Subjects:

MARC

LEADER 00000nab a2200000 a 4500
001 vtls000692568
003 SK-MaSNL
005 20260305032011.0
008 140301c1999 xo 0 slo
015 |a SNBRB1999/05-11809 
035 |a CLN000044735 
040 |a SNKBUCL  |b slo  |c SNKBUCL  |e AACR2 
041 0 |a slo 
044 |a xo  |c SK 
080 |a 027.2(437.6)  |2 1997 
100 1 |a Komorová, Klára,  |d 1949-  |4 aut  |9 102797 
245 1 0 |a Vzácnosti farskej knižnice vo Vrbove  |c Klára Komorová 
504 |a Bibliogr. odkazy 
650 0 7 |a cirkevné knižnice  |2 snkbucl  |9 71527 
651 7 |a Kežmarok (Slovensko : okres)  |2 snkbucl  |9 51824 
651 7 |a Vrbov (Slovensko)  |2 snkbucl  |9 43872 
655 7 |a články z novín a časopisov  |2 snkbucl  |9 267496 
773 0 |t Knižnice a informácie  |g Roč. 31, č. 5 (1999), s. 193-199  |x 1210-096X 
850 |a Slovenská národná knižnica v Martine 
852 |a SNK  |b KIS3GCP 
958 |a SK 
958 |a KL 
958 |a NB 
992 |a RBX 
999 |c 3318321  |d 3320251